[Event "World Youth & Cadets Blitz Championships"]
[Site "Rhodes, Greece"]
[Date "2022.05.03"]
[Round "2.25"]
[White "Shilon Rahav, Eliran"]
[Black "Hanache, Kai"]
[Result "0-1"]
[TimeControl "5'/game & 2\"/move"]
[WhiteElo "1338"]
[BlackElo "1644"]

1. e4 {[%clk 00:05:01]} {[%emt 00:00:02]} e5 {[%clk 00:05:03]} {[%emt
00:00:01]} 2. Nc3 {[%clk 00:05:01]} {[%emt 00:00:03]} Nc6 {[%clk 00:05:03]}
{[%emt 00:00:02]} 3. g3 {[%clk 00:05:01]} {[%emt 00:00:02]} Nf6 {[%clk
00:05:04]} 4. Bg2 {[%clk 00:05:01]} {[%emt 00:00:03]} Bc5 {[%emt 00:00:04]} 5.
Nge2 {[%clk 00:05:01]} O-O {[%clk 00:05:03]} {[%emt 00:00:03]} 6. O-O {[%clk
00:04:57]} {[%emt 00:00:06]} d6 {[%clk 00:05:03]} {[%emt 00:00:02]} 7. d3
{[%clk 00:04:57]} {[%emt 00:00:02]} Be6 {[%clk 00:05:01]} {[%emt 00:00:03]} 8.
Nd5 {[%clk 00:04:57]} {[%emt 00:00:02]} Bxd5 {[%clk 00:04:53]} {[%emt
00:00:10]} 9. exd5 {[%clk 00:04:58]} {[%emt 00:00:01]} Ne7 {[%clk 00:04:54]}
{[%emt 00:00:02]} 10. d4 {[%clk 00:04:39]} {[%emt 00:00:21]} exd4 {[%clk
00:04:48]} {[%emt 00:00:08]} 11. Nxd4 {[%clk 00:04:37]} {[%emt 00:00:03]} Nexd5
{[%clk 00:04:24]} {[%emt 00:00:27]} 12. c4 {[%clk 00:04:21]} {[%emt 00:00:18]}
Bxd4 {[%clk 00:04:07]} {[%emt 00:00:19]} 13. Qxd4 {[%clk 00:04:16]} {[%emt
00:00:07]} c5 {[%clk 00:03:55]} {[%emt 00:00:13]} 14. Qh4 {[%clk 00:03:40]}
{[%emt 00:00:38]} Ne7 {[%clk 00:03:39]} {[%emt 00:00:18]} 15. Bxb7 {[%clk
00:03:06]} {[%emt 00:00:36]} Rb8 {[%clk 00:03:39]} {[%emt 00:00:02]} 16. Bf3
{[%clk 00:02:43]} {[%emt 00:00:23]} Nf5 {[%clk 00:03:36]} {[%emt 00:00:06]} 17.
Qf4 {[%clk 00:02:32]} {[%emt 00:00:13]} Nd4 {[%clk 00:03:32]} {[%emt 00:00:06]}
18. b3 {[%clk 00:01:51]} {[%emt 00:00:43]} Ne6 {[%clk 00:03:15]} 19. Qd2 {[%clk
00:01:24]} {[%emt 00:00:47]} Nd4 {[%clk 00:03:06]} 20. Bg2 {[%clk 00:01:23]}
{[%emt 00:00:15]} Re8 {[%clk 00:03:05]} 21. Bb2 {[%clk 00:00:24]} {[%emt
00:01:04]} Re2 {[%clk 00:02:58]} 22. Qc1 {[%clk 00:00:22]} {[%emt 00:00:13]}
0-1

[Event "World Youth & Cadets Blitz Championships"]
[Site "Rhodes, Greece"]
[Date "2022.05.03"]
[Round "2.26"]
[White "Platonovs, Nikolajs"]
[Black "Bara, Jan"]
[Result "1-0"]
[TimeControl "5'/game & 2\"/move"]
[WhiteElo "1322"]
[BlackElo "1543"]

1. e4 {[%clk 00:05:03]} c5 {[%emt 00:00:02]} 2. Nf3 {[%clk 00:05:03]} d6 {[%clk
00:05:05]} 3. d4 {[%clk 00:05:05]} cxd4 4. Nxd4 Nf6 {[%clk 00:05:03]} {[%emt
00:00:01]} 5. Nc3 {[%clk 00:05:04]} {[%emt 00:00:03]} g6 {[%clk 00:05:04]} 6.
f3 {[%clk 00:04:55]} {[%emt 00:00:11]} Bg7 {[%clk 00:05:00]} {[%emt 00:00:06]}
7. Bc4 {[%clk 00:04:49]} {[%emt 00:00:08]} O-O {[%clk 00:04:58]} {[%emt
00:00:04]} 8. Be3 {[%clk 00:04:39]} {[%emt 00:00:12]} Nc6 {[%clk 00:04:37]}
{[%emt 00:00:23]} 9. Qd2 {[%clk 00:04:36]} {[%emt 00:00:05]} Nxd4 {[%clk
00:04:25]} {[%emt 00:00:14]} 10. Bxd4 {[%clk 00:04:36]} {[%emt 00:00:02]} Be6
{[%clk 00:04:27]} 11. Bxe6 {[%clk 00:04:14]} {[%emt 00:00:23]} fxe6 {[%clk
00:04:28]} {[%emt 00:00:02]} 12. O-O-O {[%clk 00:04:08]} {[%emt 00:00:09]} Qa5
{[%clk 00:04:22]} {[%emt 00:00:08]} 13. Kb1 {[%clk 00:04:06]} {[%emt 00:00:03]}
Rac8 {[%clk 00:03:24]} {[%emt 00:01:00]} 14. g4 {[%clk 00:03:48]} {[%emt
00:00:20]} Nd7 {[%clk 00:02:44]} {[%emt 00:00:43]} 15. Rdf1 {[%clk 00:03:02]}
{[%emt 00:00:47]} Ne5 {[%clk 00:02:16]} {[%emt 00:00:30]} 16. Bxe5 {[%clk
00:02:34]} {[%emt 00:00:30]} Qxe5 {[%clk 00:02:10]} {[%emt 00:00:09]} 17. Nd1
{[%clk 00:01:59]} {[%emt 00:00:36]} Qf4 {[%clk 00:01:34]} {[%emt 00:00:38]} 18.
Qe2 {[%clk 00:01:35]} {[%emt 00:00:26]} Rc6 {[%clk 00:01:19]} {[%emt 00:00:17]}
19. c3 {[%clk 00:01:30]} {[%emt 00:00:08]} Rb6 {[%clk 00:01:14]} {[%emt
00:00:06]} 20. Rf2 {[%clk 00:01:15]} {[%emt 00:00:17]} Rc8 {[%clk 00:01:11]}
{[%emt 00:00:06]} 21. Qc2 {[%clk 00:01:11]} {[%emt 00:00:06]} Qe5 {[%clk
00:01:07]} {[%emt 00:00:06]} 22. f4 {[%clk 00:00:50]} {[%emt 00:00:24]} Qb5
{[%clk 00:00:51]} {[%emt 00:00:18]} 23. Rf3 {[%clk 00:00:46]} {[%emt 00:00:07]}
a5 {[%clk 00:00:39]} {[%emt 00:00:14]} 24. Rhf1 {[%clk 00:00:27]} {[%emt
00:00:20]} a4 {[%clk 00:00:39]} {[%emt 00:00:02]} 25. f5 {[%clk 00:00:17]}
{[%emt 00:00:12]} exf5 {[%clk 00:00:21]} {[%emt 00:00:20]} 26. exf5 {[%clk
00:00:12]} {[%emt 00:00:07]} Qe5 {[%clk 00:00:10]} {[%emt 00:00:12]} 27. fxg6
{[%clk 00:00:04]} {[%emt 00:00:10]} d5 {[%clk 00:00:00]} {[%emt 00:00:11]} 28.
h3 {[%emt 00:00:01]} hxg6 {[%clk 00:00:00]} {[%emt 00:00:03]} 29. Re3 {[%clk
00:00:04]} Qd6 {[%emt 00:00:05]} 30. Rfe1 Re8 {[%clk 00:00:00]} 31. Qxa4 {[%emt
00:00:04]} Ra6 32. Qxe8+ {[%clk 00:00:04]} Kh7 {[%clk 00:00:00]} 33. Qf7 {[%clk
00:00:04]} {[%emt 00:00:05]} 1-0

[Event "World Youth & Cadets Blitz Championships"]
[Site "Rhodes, Greece"]
[Date "2022.05.03"]
[Round "2.27"]
[White "Zhauynbay, Alimzhan"]
[Black "Kukushkin, Ivan"]
[Result "1-0"]
[TimeControl "5'/game & 2\"/move"]
[WhiteElo "1155"]
[BlackElo "1662"]

1. e4 {[%clk 00:05:03]} c5 {[%clk 00:05:03]} {[%emt 00:00:01]} 2. Nf3 {[%clk
00:05:04]} {[%emt 00:00:01]} Nc6 {[%clk 00:05:05]} 3. d4 {[%clk 00:05:04]}
{[%emt 00:00:03]} cxd4 4. Nxd4 {[%clk 00:05:04]} e5 {[%clk 00:05:06]} {[%emt
00:00:01]} 5. Nb5 {[%clk 00:05:05]} {[%emt 00:00:01]} a6 {[%clk 00:05:07]} 6.
Nd6+ {[%clk 00:05:05]} {[%emt 00:00:01]} Bxd6 {[%clk 00:05:07]} {[%emt
00:00:03]} 7. Qxd6 {[%clk 00:05:06]} {[%emt 00:00:01]} Qe7 {[%clk 00:05:07]}
{[%emt 00:00:02]} 8. Qxe7+ {[%clk 00:05:06]} {[%emt 00:00:01]} Ngxe7 {[%clk
00:05:06]} 9. Nc3 {[%clk 00:05:06]} {[%emt 00:00:06]} d5 10. exd5 Nb4 {[%clk
00:05:04]} {[%emt 00:00:03]} 11. Bd3 {[%clk 00:05:08]} {[%emt 00:00:02]} Nexd5
{[%clk 00:05:04]} {[%emt 00:00:02]} 12. Nxd5 {[%clk 00:05:08]} {[%emt
00:00:01]} Nxd5 {[%clk 00:05:04]} {[%emt 00:00:02]} 13. Bd2 {[%clk 00:05:09]}
{[%emt 00:00:01]} O-O {[%clk 00:05:02]} {[%emt 00:00:04]} 14. O-O-O {[%clk
00:05:09]} {[%emt 00:00:02]} Be6 {[%clk 00:04:59]} {[%emt 00:00:05]} 15. Kb1
{[%clk 00:05:08]} {[%emt 00:00:03]} Rad8 {[%clk 00:04:56]} {[%emt 00:00:06]} 16.
Rhe1 {[%clk 00:05:02]} {[%emt 00:00:08]} f6 {[%clk 00:04:52]} {[%emt 00:00:05]}
17. f4 {[%clk 00:04:47]} {[%emt 00:00:17]} Bg4 {[%clk 00:04:46]} {[%emt
00:00:08]} 18. Rc1 {[%clk 00:04:38]} {[%emt 00:00:12]} Nxf4 {[%clk 00:04:43]}
{[%emt 00:00:04]} 19. Bxf4 {[%clk 00:04:29]} {[%emt 00:00:11]} exf4 {[%clk
00:04:43]} {[%emt 00:00:02]} 20. Re4 {[%clk 00:04:11]} {[%emt 00:00:20]} Bf5
{[%clk 00:04:31]} {[%emt 00:00:14]} 21. Bc4+ {[%clk 00:04:12]} {[%emt
00:00:02]} Kh8 {[%clk 00:04:31]} {[%emt 00:00:02]} 22. Rxf4 {[%clk 00:04:13]}
{[%emt 00:00:01]} Bg6 {[%clk 00:04:30]} {[%emt 00:00:03]} 23. a3 {[%clk
00:04:02]} {[%emt 00:00:13]} b5 {[%clk 00:04:31]} {[%emt 00:00:01]} 24. Bb3
{[%clk 00:04:01]} {[%emt 00:00:02]} a5 {[%clk 00:04:28]} {[%emt 00:00:06]} 25.
a4 {[%clk 00:03:58]} {[%emt 00:00:05]} b4 {[%clk 00:04:29]} 26. g4 {[%clk
00:03:52]} {[%emt 00:00:08]} h6 {[%clk 00:04:23]} {[%emt 00:00:08]} 27. Rcf1
{[%clk 00:03:51]} {[%emt 00:00:03]} Rd2 {[%clk 00:04:19]} {[%emt 00:00:06]} 28.
h4 {[%clk 00:03:50]} {[%emt 00:00:03]} Rc8 {[%clk 00:04:04]} {[%emt 00:00:15]}
29. Rc1 {[%clk 00:03:25]} {[%emt 00:00:28]} Rc7 {[%clk 00:03:38]} {[%emt
00:00:28]} 30. g5 {[%clk 00:03:25]} {[%emt 00:00:04]} Rc6 {[%clk 00:03:11]}
{[%emt 00:00:28]} 31. gxf6 {[%clk 00:03:19]} {[%emt 00:00:07]} gxf6 {[%clk
00:03:08]} {[%emt 00:00:04]} 32. Rg4 {[%clk 00:03:08]} {[%emt 00:00:15]} Kh7
{[%clk 00:02:46]} {[%emt 00:00:24]} 33. Rcg1 {[%clk 00:02:52]} {[%emt
00:00:17]} f5 {[%clk 00:02:40]} {[%emt 00:00:07]} 34. Rf4 {[%clk 00:02:39]}
{[%emt 00:00:16]} Rcd6 {[%clk 00:02:30]} {[%emt 00:00:11]} 35. Kc1 {[%clk
00:02:27]} {[%emt 00:00:16]} Bh5 {[%clk 00:02:25]} {[%emt 00:00:07]} 36. c3
{[%clk 00:02:16]} {[%emt 00:00:13]} bxc3 {[%clk 00:02:23]} {[%emt 00:00:03]} 37.
bxc3 {[%clk 00:02:17]} {[%emt 00:00:02]} Bg4 {[%clk 00:02:02]} {[%emt
00:00:22]} 38. Bc2 {[%clk 00:02:04]} {[%emt 00:00:15]} Rxc2+ {[%clk 00:01:17]}
{[%emt 00:00:47]} 39. Kxc2 {[%clk 00:02:04]} {[%emt 00:00:03]} h5 {[%clk
00:01:18]} {[%emt 00:00:01]} 40. Re1 {[%clk 00:02:01]} {[%emt 00:00:04]} 1-0

[Event "World Youth & Cadets Blitz Championships"]
[Site "Rhodes, Greece"]
[Date "2022.05.03"]
[Round "2.28"]
[White "Modith, Aaroh Mutyalapati"]
[Black "Kovacs, Balazs"]
[Result "1-0"]
[TimeControl "5'/game & 2\"/move"]
[WhiteElo "1598"]
[BlackElo "1162"]

1. e4 {[%clk 00:05:03]} e5 {[%clk 00:05:04]} {[%emt 00:00:01]} 2. Nf3 {[%clk
00:05:04]} {[%emt 00:00:01]} Nc6 {[%clk 00:05:05]} {[%emt 00:00:01]} 3. Bb5
{[%clk 00:05:06]} a6 {[%clk 00:05:05]} {[%emt 00:00:01]} 4. Bxc6 {[%clk
00:05:05]} {[%emt 00:00:02]} dxc6 {[%clk 00:05:05]} {[%emt 00:00:03]} 5. Nc3
{[%clk 00:05:06]} {[%emt 00:00:01]} Bd6 {[%clk 00:04:58]} {[%emt 00:00:10]} 6.
d4 {[%clk 00:05:07]} exd4 {[%clk 00:04:50]} {[%emt 00:00:10]} 7. Qxd4 {[%emt
00:00:03]} Ne7 {[%clk 00:04:14]} {[%emt 00:00:37]} 8. Qxg7 {[%clk 00:04:48]}
{[%emt 00:00:20]} Rf8 {[%clk 00:03:31]} {[%emt 00:00:45]} 9. Bh6 {[%clk
00:04:46]} {[%emt 00:00:04]} Ng6 {[%clk 00:03:11]} {[%emt 00:00:22]} 10. O-O-O
{[%clk 00:04:30]} {[%emt 00:00:18]} Bd7 {[%clk 00:02:46]} {[%emt 00:00:28]} 11.
h4 {[%clk 00:04:12]} {[%emt 00:00:20]} Qe7 {[%clk 00:02:22]} {[%emt 00:00:26]}
12. h5 {[%clk 00:03:59]} {[%emt 00:00:15]} Bf4+ {[%clk 00:01:47]} {[%emt
00:00:37]} 13. Bxf4 {[%clk 00:03:56]} {[%emt 00:00:04]} Nxf4 {[%clk 00:01:47]}
{[%emt 00:00:02]} 14. Qxh7 {[%emt 00:00:34]} O-O-O {[%clk 00:01:38]} {[%emt
00:00:06]} 15. g3 {[%clk 00:03:06]} {[%emt 00:00:25]} Rh8 {[%clk 00:01:21]}
{[%emt 00:00:18]} 16. Qg7 {[%clk 00:02:59]} {[%emt 00:00:10]} Nxh5 {[%clk
00:01:13]} {[%emt 00:00:10]} 17. Qg5 {[%clk 00:02:42]} {[%emt 00:00:19]} f6
{[%clk 00:01:00]} {[%emt 00:00:15]} 18. Qe3 {[%clk 00:02:43]} {[%emt 00:00:02]}
Ng7 {[%clk 00:00:45]} {[%emt 00:00:17]} 19. Qa7 {[%clk 00:02:42]} {[%emt
00:00:02]} 1-0

[Event "World Youth & Cadets Blitz Championships"]
[Site "Rhodes, Greece"]
[Date "2022.05.03"]
[Round "2.29"]
[White "Ashwath, Kaushik"]
[Black "Pathak, Raghav"]
[Result "0-1"]
[TimeControl "5'/game & 2\"/move"]
[WhiteElo "1038"]
[BlackElo "1415"]

1. e4 {[%clk 00:05:01]} {[%emt 00:00:02]} e6 {[%clk 00:05:04]} {[%emt
00:00:01]} 2. d4 {[%clk 00:05:01]} {[%emt 00:00:01]} d5 {[%clk 00:05:04]}
{[%emt 00:00:01]} 3. Nd2 {[%clk 00:05:00]} {[%emt 00:00:04]} c5 {[%clk
00:05:04]} {[%emt 00:00:01]} 4. exd5 {[%clk 00:04:56]} {[%emt 00:00:06]} Qxd5
{[%clk 00:05:05]} {[%emt 00:00:01]} 5. Ngf3 {[%clk 00:04:54]} {[%emt 00:00:04]}
Nf6 {[%clk 00:05:02]} {[%emt 00:00:05]} 6. Bc4 {[%clk 00:04:50]} {[%emt
00:00:06]} Qd8 {[%clk 00:05:01]} {[%emt 00:00:03]} 7. O-O {[%clk 00:04:38]}
{[%emt 00:00:14]} Be7 {[%clk 00:04:57]} {[%emt 00:00:04]} 8. c3 {[%clk
00:04:20]} {[%emt 00:00:23]} O-O {[%clk 00:04:51]} {[%emt 00:00:08]} 9. Nb3
{[%clk 00:04:05]} {[%emt 00:00:17]} cxd4 {[%clk 00:04:49]} {[%emt 00:00:02]} 10.
Nbxd4 {[%clk 00:03:51]} {[%emt 00:00:16]} Nbd7 {[%clk 00:04:43]} {[%emt
00:00:09]} 11. Qc2 {[%clk 00:02:57]} {[%emt 00:00:53]} e5 {[%clk 00:04:39]}
{[%emt 00:00:09]} 12. Nf5 {[%clk 00:02:23]} {[%emt 00:00:36]} e4 {[%clk
00:04:33]} {[%emt 00:00:08]} 13. Nxe7+ {[%clk 00:02:00]} {[%emt 00:00:25]} Qxe7
{[%clk 00:04:32]} {[%emt 00:00:01]} 14. Nd4 {[%clk 00:01:43]} {[%emt 00:00:21]}
Ne5 {[%clk 00:04:32]} {[%emt 00:00:03]} 15. Be2 {[%clk 00:01:34]} {[%emt
00:00:11]} Bg4 {[%clk 00:04:19]} {[%emt 00:00:15]} 16. Bxg4 {[%clk 00:01:18]}
{[%emt 00:00:18]} Nexg4 {[%clk 00:04:18]} {[%emt 00:00:03]} 17. Re1 {[%clk
00:01:11]} {[%emt 00:00:07]} Qe5 {[%clk 00:04:13]} {[%emt 00:00:07]} 18. g3
{[%clk 00:00:55]} {[%emt 00:00:19]} Qh5 {[%clk 00:04:10]} {[%emt 00:00:04]} 19.
h4 {[%clk 00:00:45]} {[%emt 00:00:13]} Rfd8 {[%clk 00:03:54]} {[%emt 00:00:16]}
20. Bg5 {[%clk 00:00:28]} {[%emt 00:00:21]} h6 {[%clk 00:03:50]} {[%emt
00:00:07]} 21. Bxf6 {[%clk 00:00:28]} {[%emt 00:00:02]} Nxf6 {[%clk 00:03:50]}
{[%emt 00:00:02]} 22. Rad1 {[%clk 00:00:23]} {[%emt 00:00:07]} Rac8 {[%clk
00:03:48]} {[%emt 00:00:03]} 23. Kg2 {[%clk 00:00:17]} {[%emt 00:00:08]} Qc5
{[%clk 00:03:30]} {[%emt 00:00:20]} 24. Nb3 {[%clk 00:00:15]} {[%emt 00:00:04]}
Qc6 {[%clk 00:03:28]} {[%emt 00:00:04]} 25. Kg1 {[%clk 00:00:10]} {[%emt
00:00:07]} Qb6 {[%clk 00:03:18]} {[%emt 00:00:12]} 26. Rd2 {[%clk 00:00:11]}
{[%emt 00:00:02]} Rxd2 {[%clk 00:03:12]} {[%emt 00:00:07]} 27. Qxd2 {[%clk
00:00:12]} {[%emt 00:00:02]} Rd8 {[%clk 00:03:13]} 28. Qc2 {[%clk 00:00:12]}
{[%emt 00:00:03]} Ng4 {[%clk 00:03:05]} {[%emt 00:00:10]} 29. Nd4 {[%clk
00:00:09]} {[%emt 00:00:04]} Qc5 {[%clk 00:02:56]} {[%emt 00:00:10]} 30. Qxe4
{[%clk 00:00:09]} {[%emt 00:00:03]} Nf6 {[%clk 00:02:54]} {[%emt 00:00:04]} 31.
Qe5 {[%clk 00:00:07]} {[%emt 00:00:03]} Qb6 {[%clk 00:02:51]} {[%emt 00:00:04]}
32. Qb5 {[%clk 00:00:08]} {[%emt 00:00:04]} Qc7 {[%clk 00:02:50]} {[%emt
00:00:03]} 33. Nb3 {[%clk 00:00:05]} {[%emt 00:00:05]} a6 {[%clk 00:02:51]} 34.
Qe2 {[%clk 00:00:05]} {[%emt 00:00:02]} b5 {[%clk 00:02:34]} {[%emt 00:00:18]}
35. Qe7 {[%clk 00:00:06]} {[%emt 00:00:02]} Qc8 {[%clk 00:02:32]} {[%emt
00:00:02]} 36. Qb4 {[%clk 00:00:04]} {[%emt 00:00:06]} Nd5 {[%clk 00:02:27]}
{[%emt 00:00:06]} 37. Qd4 {[%emt 00:00:04]} Nf6 {[%clk 00:02:18]} {[%emt
00:00:08]} 38. Qc5 {[%clk 00:00:06]} Qd7 {[%clk 00:02:15]} {[%emt 00:00:04]} 39.
Kg2 {[%clk 00:00:07]} {[%emt 00:00:02]} Qb7+ {[%clk 00:02:15]} {[%emt
00:00:02]} 40. Kg1 {[%clk 00:00:08]} {[%emt 00:00:01]} Rc8 {[%clk 00:02:15]}
{[%emt 00:00:03]} 41. Qe7 {[%clk 00:00:09]} {[%emt 00:00:01]} Qa8 {[%clk
00:02:12]} {[%emt 00:00:05]} 42. Nc5 {[%clk 00:00:09]} {[%emt 00:00:02]} Re8
{[%clk 00:02:08]} {[%emt 00:00:05]} 43. Qxe8+ {[%clk 00:00:08]} {[%emt
00:00:04]} Nxe8 {[%clk 00:02:08]} {[%emt 00:00:02]} 44. b4 {[%clk 00:00:07]}
{[%emt 00:00:02]} a5 {[%clk 00:02:08]} {[%emt 00:00:02]} 45. bxa5 {[%clk
00:00:08]} {[%emt 00:00:01]} Qc6 {[%clk 00:02:08]} {[%emt 00:00:03]} 46. Nb3
{[%clk 00:00:06]} {[%emt 00:00:04]} Nf6 {[%clk 00:02:04]} {[%emt 00:00:05]} 47.
Nd4 {[%clk 00:00:07]} {[%emt 00:00:02]} Qxc3 {[%clk 00:02:03]} {[%emt
00:00:02]} 48. Nxb5 {[%clk 00:00:08]} {[%emt 00:00:02]} Qxe1+ 49. Kg2 {[%emt
00:00:01]} Qe4+ {[%clk 00:01:59]} {[%emt 00:00:03]} 50. Kg1 {[%clk 00:00:08]}
{[%emt 00:00:02]} Qb1+ {[%clk 00:01:59]} {[%emt 00:00:03]} 51. Kg2 {[%clk
00:00:08]} {[%emt 00:00:02]} Qxb5 {[%clk 00:02:00]} 52. a6 {[%clk 00:00:07]}
{[%emt 00:00:02]} Qxa6 {[%clk 00:02:01]} 53. a4 {[%clk 00:00:04]} {[%emt
00:00:06]} Qxa4 {[%clk 00:02:01]} 54. Kf3 {[%clk 00:00:05]} {[%emt 00:00:01]}
Qe4# {[%emt 00:00:11]} 0-1

[Event "World Youth & Cadets Blitz Championships"]
[Site "Rhodes, Greece"]
[Date "2022.05.03"]
[Round "2.30"]
[White "Safin, Safarullakhan"]
[Black "Skouroupathis, Kyriakos"]
[Result "1-0"]
[TimeControl "5'/game & 2\"/move"]
[WhiteElo "1379"]
[BlackElo "1152"]

1. e4 {[%clk 00:05:02]} {[%emt 00:00:02]} e5 {[%clk 00:05:04]} 2. Nf3 {[%clk
00:05:02]} {[%emt 00:00:02]} Nf6 {[%clk 00:05:05]} {[%emt 00:00:01]} 3. Nxe5
{[%clk 00:05:02]} {[%emt 00:00:01]} Nc6 {[%clk 00:05:06]} 4. Nf3 {[%clk
00:05:02]} {[%emt 00:00:04]} Nxe4 {[%clk 00:05:06]} {[%emt 00:00:01]} 5. d4
{[%clk 00:05:02]} {[%emt 00:00:02]} d5 {[%clk 00:05:04]} {[%emt 00:00:04]} 6.
Be3 {[%clk 00:05:00]} {[%emt 00:00:03]} Bd6 {[%clk 00:05:01]} {[%emt 00:00:05]}
7. Bd3 {[%clk 00:04:58]} {[%emt 00:00:03]} Bf5 {[%clk 00:05:01]} {[%emt
00:00:03]} 8. Nbd2 {[%clk 00:04:46]} {[%emt 00:00:14]} Nxd2 {[%clk 00:04:53]}
{[%emt 00:00:10]} 9. Qxd2 {[%clk 00:04:43]} {[%emt 00:00:04]} Bg6 {[%clk
00:04:54]} {[%emt 00:00:02]} 10. a3 {[%clk 00:04:39]} {[%emt 00:00:07]} O-O
{[%clk 00:04:54]} {[%emt 00:00:02]} 11. O-O {[%clk 00:04:33]} {[%emt 00:00:08]}
Qd7 {[%clk 00:04:49]} {[%emt 00:00:07]} 12. c4 {[%clk 00:04:32]} {[%emt
00:00:03]} dxc4 {[%clk 00:04:45]} {[%emt 00:00:05]} 13. Bxc4 {[%clk 00:04:31]}
{[%emt 00:00:03]} Be4 {[%emt 00:00:21]} 14. Ng5 {[%clk 00:04:23]} {[%emt
00:00:07]} Bg6 {[%clk 00:04:17]} {[%emt 00:00:15]} 15. f4 {[%clk 00:04:21]}
{[%emt 00:00:03]} Bf5 {[%clk 00:04:15]} {[%emt 00:00:05]} 16. b4 {[%clk
00:04:18]} {[%emt 00:00:05]} h6 {[%clk 00:04:08]} {[%emt 00:00:09]} 17. Nf3
{[%clk 00:04:18]} {[%emt 00:00:02]} Rfe8 {[%clk 00:03:56]} {[%emt 00:00:14]} 18.
d5 {[%clk 00:04:14]} {[%emt 00:00:06]} Ne7 {[%clk 00:03:53]} {[%emt 00:00:05]}
19. Nd4 {[%clk 00:04:14]} {[%emt 00:00:02]} b6 {[%clk 00:03:35]} {[%emt
00:00:20]} 20. Bb5 {[%clk 00:04:12]} {[%emt 00:00:04]} c6 {[%clk 00:03:24]}
{[%emt 00:00:13]} 21. dxc6 {[%clk 00:04:00]} {[%emt 00:00:13]} Qc7 {[%clk
00:03:22]} {[%emt 00:00:04]} 22. Rad1 {[%clk 00:03:56]} {[%emt 00:00:06]} Kh8
{[%clk 00:03:13]} {[%emt 00:00:12]} 23. Rf3 {[%clk 00:03:46]} {[%emt 00:00:11]}
Bg4 {[%clk 00:03:12]} {[%emt 00:00:04]} 24. Qf2 {[%clk 00:03:28]} {[%emt
00:00:20]} Bxf3 {[%clk 00:03:11]} {[%emt 00:00:01]} 25. Qxf3 {[%clk 00:03:28]}
{[%emt 00:00:03]} a6 {[%clk 00:03:07]} {[%emt 00:00:07]} 26. Bc4 {[%clk
00:03:26]} {[%emt 00:00:04]} f6 {[%clk 00:03:06]} {[%emt 00:00:03]} 27. Qg4
{[%clk 00:03:11]} {[%emt 00:00:17]} Nxc6 {[%clk 00:02:52]} {[%emt 00:00:15]} 28.
Nf5 {[%clk 00:02:58]} {[%emt 00:00:15]} Rad8 {[%clk 00:02:35]} {[%emt
00:00:20]} 29. Nh4 {[%clk 00:02:26]} {[%emt 00:00:33]} Rxe3 {[%clk 00:02:22]}
{[%emt 00:00:15]} 30. Ng6+ {[%clk 00:02:25]} {[%emt 00:00:04]} Kh7 {[%clk
00:02:22]} {[%emt 00:00:02]} 31. Qf5 {[%clk 00:02:26]} Ne5 {[%clk 00:00:29]}
{[%emt 00:01:55]} 32. Nf8+ {[%clk 00:02:22]} {[%emt 00:00:05]} Kh8 {[%clk
00:00:00]} {[%emt 00:00:36]} 33. Qh7# {[%clk 00:03:14]} {[%emt 00:00:08]} 1-0